000 00632nam a2200241 4500
003 IIN
005 20250529124048.0
008 231217s9999 xx 000 0 und d
020 _cRs.795.00
_a9789354655692
040 _aIIN
_bEnglish
082 _a615.1
_bSHA
100 1 _aSharma, Suresh
245 1 _aTextbook of Pharmacology, Pathology & Genetics for Nurses - II /
_cSuresh Sharma
250 _a2nd ed
260 _aNew Delhi :
_bJaypee,
_c2023
300 _axxi, 494p.
440 _vVol.2
500 _aIncludes Index
650 1 _aPharmacology
650 1 _aPathology
650 1 _aGenetics
942 _cBOOK
999 _c1654
_d1654